Culture Générale - Clic Quiz - La réponse est en image #22 - Statistiques

Statistiques générales
  • Ce quiz a été pris 263 fois
    59 depuis la dernière actualisation
  • Le résultat moyen est 27 sur 40
Statistiques - réponses
Hint Réponse % Correct
Débrancher la prise d'alimentation du secteur
98%
Pégase
91%
Utiliser la passerelle
91%
Mise à la terre obligatoire
91%
Ève Gilles (Miss France 2024)
86%
Un Dry martini ou Martini gin (à base de gin et de vermouth blanc)
86%
Une Piña colada (à base de rhum, jus d'ananas et crème de noix de coco)
86%
Bruno Mars (en emoji par IA)
81%
Utiliser la main courante
81%
Gene Simmons de Kiss (en emoji par IA)
79%
Guillaume Martin (Cyclisme)
79%
Un Kir Royal (à base de crême de cassis et de champagne)
79%
Bruce Springsteen (en emoji par IA)
77%
Jean-Eric Vergne (Formule E)
77%
Un Old fashioned (composé d'un sucre imbibé d'amer auquel on ajoute du whisky)
77%
Lenny Kravitz (en emoji par IA)
72%
Grease
72%
Vanity Case
70%
Vegeta
70%
Mr. Popo
67%
Ozzy Osbourne (en emoji par IA)
65%
Johann Zarco (Moto GP)
65%
Flandres
65%
Freezer
65%
Hase
63%
Charlotte Pirroni (2e dauphine de Miss France 2015)
60%
Wallonie
60%
Débrancher avant d'effectuer une activité de maintenance ou une réparation
60%
Alicia Aylies (Miss France 2017)
56%
Boo
56%
Showcase
56%
Un Barracuda (composé de rhum ambré, de liqueur Galliano et de Prosecco)
56%
Cell
49%
Camille Cerf (Miss France 2015)
49%
Delphine Wespiser (Miss France 2012)
47%
Sylvain André (BMX)
44%
Daghestan
44%
Sebastien Ogier (Rallye)
33%
Bachkirie
30%
Tchétchénie
19%
Aucun quiz correspondant
Distribution des résultats
% des personnes avec chaque résultat
Percentile par nombre de réponses
Votre historique - résultats
Vous n’avez pas pris ce quiz depuis la dernière actualisation